000 00973nam a2200265Ia 4500
999 _c49446
_d49446
001 16369
003 GE_BSU
005 20210922135447.0
008 181216s2015||||ru |||||||||||||| ||rus||
020 _a9785222235256
040 _cGE_BSU
041 _arus
080 _a621.6(075.8) К-70
100 _aКоршак, А. А.
_912527
245 _aНефтебазы и автозаправочные станции :
_bУчебное пособие /
_cА. А. Коршак ; Отв. ред. А. Боравиков.
264 _aРостов на Дону :
_bФеникс,
_c2015.
300 _a494 стр. :
_bилл. ;
_c21см.
440 _aВысшее образование
_912528
504 _aБиблиогр. стр. : 489-490
541 _h53 Л.
653 _aНефтебазы и автозаправочные станции
653 _aნავთობი
700 _aБоравиков, А.
_eОтв. ред.
_912529
942 _cBK
_2udc